| 000 | 00414nam a2200157Ia 4500 | ||
|---|---|---|---|
| 008 | 240126s9999 xx 000 0 und d | ||
| 022 | _a0974-6374 | ||
| 041 | _aEnglish | ||
| 082 | _aMBA Library | ||
| 245 | 0 | _aGBAMS-Vidushi (2013- | |
| 260 |
_bGhanshyam Binani Academy of Management Sciences _aMirzapur |
||
| 440 | _aNULL | ||
| 650 | _aGBAMS-Vidushi,(2013-,Management | ||
| 650 | _aManagement | ||
| 942 | _cJN | ||
| 999 |
_c271775 _d271775 |
||